000 00618nam a2200205Ia 4500
003 GCL
008 140319s9999 xx 000 0 ara d
040 _aGCL /
_cGCL
082 0 4 _a811.09
_bا ر
100 1 _aانسى الحاج
245 1 0 _aالراس المقطوع /
_cانسى الحاج
260 _aبيروت :
_bالمؤسسة الحديثة للكتاب ،
_c1982
300 _a101 ص ؛
_c20 سم
490 _a
650 0 4 _aالشعر العربى
650 0 4 _aالادب العربى
650 0 4 _aالادب
650 0 4 _aالشعر العربى - العصر الحديث
942 _2ddc
_cBK
999 _c32806
_d32806